Finančné vykazovanie v kontexte trvalo udržateľného rozvoja
Význam vykazovania spoločensky zodpovedného podnikania. Zodpovedné podnikanie predstavuje základný nástroj merania vplyvu podnikov na trvalo udržateľný rozvoj. Meranie vplyvov spoločnosti v oblasti zodpovednéího podnikania a dlhodobá prosperita.
Salvato in:
| Autore principale: | |
|---|---|
| Natura: | Capitolo di libro |
| Lingua: | slovacco |
| Soggetti: | |
| Tags: |
Nessun Tag, puoi essere il primo ad aggiungerne!!
|
MARC
| LEADER | 00000naa$a2200000$$$4500 | ||
|---|---|---|---|
| 001 | 0118122 | ||
| 005 | 20240521120535.8 | ||
| 041 | 0 | |a slo | |
| 044 | |a CZ | ||
| 245 | 1 | 0 | |a Finančné vykazovanie v kontexte trvalo udržateľného rozvoja |c Zuzana Kubaščíková |
| 520 | |a Význam vykazovania spoločensky zodpovedného podnikania. Zodpovedné podnikanie predstavuje základný nástroj merania vplyvu podnikov na trvalo udržateľný rozvoj. Meranie vplyvov spoločnosti v oblasti zodpovednéího podnikania a dlhodobá prosperita. | ||
| 610 | 2 | 0 | |a účtovníctvo |
| 610 | 2 | 0 | |a podnik |
| 610 | 2 | 0 | |a firmy |
| 610 | 2 | 0 | |a podnikanie zodpovedné |
| 610 | 2 | 0 | |a účtovníctvo ekologické |
| 610 | 2 | 0 | |a doklady účtovné |
| 610 | 2 | 0 | |a výkazy finančné |
| 610 | 2 | 0 | |a správy výročné |
| 610 | 2 | 0 | |a manažment environmentálny |
| 610 | 2 | 0 | |a rozvoj trvalo udržateľný |
| 100 | 1 | |a Kubaščíková, Zuzana, 1982- | |